වයඹ අභිමානයේ පිය සටහන් /

Wayamba abhimanaye piya satahan
Saved in:
Bibliographic Details
Main Author: ඇහැලේපොල, ජේ.බී
Format: Book
Published: කුරුණෑගල : කර්තෘ, 2007.
Subjects:
Tags: Add Tag
No Tags, Be the first to tag this record!

MARC

LEADER 00000nam a2200000 4500
003 LK-CoNLD
005 20260114154042.0
008 251031b |||||||| |||| 00| 0 ||| d
015 |2 slnb 
017 |b LK-CoDNA 
020 |a 9555000603 
040 |a LK-CoNLD  |b SIN  |c LK-CoNLD  |d LK-CoNLD 
082 |2 23  |q LK-CoNLD  |a 954.93 
100 |a ඇහැලේපොල, ජේ.බී.   |9 91719 
245 |a වයඹ අභිමානයේ පිය සටහන් /  |c ජේ.බී. ඇහැලේපොල.  |6 880-1 
260 |a කුරුණෑගල :  |b කර්තෘ,  |c 2007. 
300 |a පි. ii, 100 ;  |b මැබැ-බෝක : මිල නොදැක්වේ   |c සෙමී. 25. 
650 0 |a වයඹ පළාත - ඉතිහාසය - ශ්‍රී ලංකාව  |9 5218 
880 |6 245-1  |a Wayamba abhimanaye piya satahan 
942 |c BOOK 
945 |a 21064  |b D.M.N MADUSHIKA  |c 18375  |d Vijani RODRIGO 
999 |c 293731  |d 293731